Statistics for Pro Memoria Lyrics-Ghost

Click here to take the quiz!

General Stats

  • This quiz has been taken 42 times
  • The average score is 209 of 222

Answer Stats

Answer% Correct
about
100%
die
100%
do
100%
Don't
100%
dying
100%
forget
100%
You
100%
you
100%
death
96%
friend
96%
that
96%
To
96%
Who
96%
will
96%
your
96%
behind
92%
into
92%
Lucifer
92%
mind
92%
Silently
92%
walks
92%
whispering
92%
Ain't
88%
from
88%
hide
88%
lives
88%
me
88%
not
88%
Peter
88%
right
88%
saint
88%
savage
88%
save
88%
slurs
88%
Sweet
88%
the
88%
vomit
88%
But
83%
On
83%
too
83%
wickedly
83%
with
83%
out
79%
ride
79%
sold
79%
Spewed
79%
chance
75%
Had
75%
had
75%
invincible
75%
Standing
75%
tall
75%
today
75%
all
71%
knives
71%
this
71%
up
71%
would've
67%
alone
63%
sea
63%
Navigate
58%
tempestuous
54%

Score Distribution

Percentile by Number Answered

Percent of People with Each Score

Your Score History

You have not taken this quiz